000 00241nam a22001217a 4500
082 _a001
_bMOR/Q
100 _aMORRISON, IAN A
245 _a THE QUEEN
260 _aUK
_bLADY BIRD LTD
300 _a51
650 _aBIOGRAPHY
_zUK
942 _cBK
999 _c6318
_d6318